000 00775nam a2200229 a 4500
999 _c10984
_d10984
001 10984
003 BD-JhCC
005 20190715092741.0
008 190615s2015 bg |||| |||| 000 0 ben d
020 _a9847000000293
035 _a(BD-JhCC)10984
040 _aBD-JhCC
_dBD-JhCC
041 _aben
082 _a925
_bSID 2015
100 _aসিদ্দিকী, জহুরুল আলম
245 _aগ্যালিলিও গ্যালিলি /
_cজহুরুল আলম সিদ্দিকী
260 _aঢাকা :
_bজাতীয় সাহিত্য প্রকাশ,
_c২০১৫.
300 _a৭৯ পৃ.
_c২০ সেমি.
600 _aGalilei, Galileo
650 _aBiography
_vScientist
942 _2ddc
_cBK